البعثات العلمية : (Record no. 15700)
[ view plain ]
| 000 -الفاتح | |
|---|---|
| حقل البيانات ثابتة الطول | 00754nam a22001577a 4500 |
| 008 - عناصر البيانات ثابتة الطول - معلومات عامة | |
| حقل البيانات ثابتة الطول | 110719t xxu||||| |||| 00| 0 ara d |
| 082 ## - رقم تصنيف ديوى العشرى | |
| رقم الطبعة | 22 |
| رقم المادة | ط و س |
| رقم التصنيف | 378.62 |
| 100 1# - المدخل الرئيسى - إسم شخصى | |
| 9 (RLIN) | 26333 |
| الإسم الشخصى | طوسون، عمر |
| 245 ## - بيان العنوان | |
| العنوان | البعثات العلمية : |
| بقية العنوان | فى عهد محمد على ثم في عهدى عباس الأول وسعيد / |
| بيان المسئوليه,etc | عمر صوسون . |
| 260 ## - PUBLICATION, DISTRIBUTION, ETC. (IMPRINT) | |
| مكان الناشر او الموزع | الأسكندرية : |
| اسم الناشر او الموزع | مطبعة صلاح الدين ، |
| تاريخ النشر أو التوزيع | 1934. |
| 300 ## - الوصف المادى | |
| التعداد | 35 ص : |
| أبعاد الوعاء | 24 سم. |
| 650 ## - المدخل الاضافى بالموضوع-مصطلح موضوعى | |
| 9 (RLIN) | 21526 |
| مصطلح موضوعي أو اسم جغرافي كعنصر مدخل | التعليم العالي |
| التقسيم الفرعي الجغرافي | مصر |
| 650 ## - المدخل الاضافى بالموضوع-مصطلح موضوعى | |
| 9 (RLIN) | 17498 |
| مصطلح موضوعي أو اسم جغرافي كعنصر مدخل | المنح الدراسية |
| 942 ## - عناصر المدخل الإضافي( كوها) | |
| مصدر التصنيف او مخطط الترفيف | Dewey Decimal Classification |
| Koha [default] item type | Book - Borrowing |
| حالة التراجع | حالة الفقد | مصدر التصنيف او خطة الترفيف | حالة تلف | ليس للاعارة | مجموعات كوها | المكان الدائم | المكان الحالي | موقع الترفيف | تاريخ الاكتساب | Source of acquisition | رقم الاستدعاء | الباركود | Date last seen | نوع الوعاء |
|---|---|---|---|---|---|---|---|---|---|---|---|---|---|---|
| Dewey Decimal Classification | Alef-Baa | Central Library | Central Library | First floor | 19/07/2011 | Purchase | 378.62 ط و س | 000023047 | 15/07/2025 | Book - Borrowing |